E.T. by Katy Perry - lyrics - Statistics

General Stats
  • This quiz has been taken 17 times
  • The average score is 229 of 267
Answer Stats
Lyrics % Correct
a
100%
alien
100%
an
100%
and
100%
be
100%
different
100%
eyes
100%
for
100%
from
100%
I
100%
into
100%
ki
100%
kiss
100%
light
100%
me
100%
my
100%
open
100%
ready
100%
so
100%
super
100%
the
100%
to
100%
touch
100%
whole
100%
world
100%
you
100%
your
100%
you're
100%
angel?
91%
could
91%
dimension
91%
go
91%
it
91%
its
91%
lead
91%
not
91%
poison
91%
supernatural
91%
with
91%
abduction
82%
devil?
82%
extraterrestrial
82%
fill
82%
I'm
82%
infect
82%
lovin'
82%
'nother
82%
ta
82%
take
82%
victim
82%
when
82%
boy
73%
DNA
73%
don't
73%
foreign
73%
futuristic
73%
hypnotizing
73%
is
73%
sonic
73%
understand
73%
wanna
73%
like
64%
lover
64%
others
64%
they
64%
afraid
55%
another
55%
cosmic
55%
magic
55%
on
55%
say
55%
stun
55%
feel
45%
lasers
45%
lucky
45%
magnetizing
45%
powers
45%
star
45%
all
36%
am
36%
body
36%
every
36%
feels
36%
floating
36%
glowing
36%
leaves
36%
level
36%
risk
36%
I'll
27%
move
27%
there
27%
vibrate
27%
walk
27%
this
18%
transcendental
18%
wavelength
18%
No matching quizzes found
Score Distribution
Percent of People with Each Score
Percentile by Number Answered
Your Score History
You have not taken this quiz